Divorce, the church, and remarriage. (Record no. 35)

MARC details
000 -LEADER
fixed length control field 00780cam a22002771 4500
001 - CONTROL NUMBER
control field 6090678
003 - CONTROL NUMBER IDENTIFIER
control field GBCCL
005 - DATE AND TIME OF LATEST TRANSACTION
control field 20241126110328.0
008 - FIXED-LENGTH DATA ELEMENTS--GENERAL INFORMATION
fixed length control field 711221s1961 pau b 000 0 eng
010 ## -
-- 61005228
035 ## - SYSTEM CONTROL NUMBER
System control number (OCoLC)185457
040 ## - CATALOGING SOURCE
Original cataloging agency DLC
Transcribing agency OAkU
Modifying agency OCoLC
-- DLC
042 ## -
-- premarc
050 00 -
-- BT707
-- .E5 1961
082 ## - DEWEY DECIMAL CLASSIFICATION NUMBER
Classification number 265.5
Item number EME
100 1# - MAIN ENTRY--PERSONAL NAME
Personal name Emerson, James G.
Fuller form of name (James Gordon),
Dates associated with a name 1926-
245 10 - TITLE STATEMENT
Title Divorce, the church, and remarriage.
260 ## - PUBLICATION, DISTRIBUTION, ETC.
Place of publication, distribution, etc. Philadelphia,
Name of publisher, distributor, etc. Westminster Press
Date of publication, distribution, etc. [1961]
300 ## - PHYSICAL DESCRIPTION
Extent 190 p.
Dimensions 21 cm.
500 ## - GENERAL NOTE
General note Based on thesis, University of Chicago.
504 ## - BIBLIOGRAPHY, ETC. NOTE
Bibliography, etc. note Includes bibliography.
650 #0 - SUBJECT ADDED ENTRY--TOPICAL TERM
Topical term or geographic name entry element Divorce.
650 #0 - SUBJECT ADDED ENTRY--TOPICAL TERM
Topical term or geographic name entry element Remarriage.
906 ## - LOCAL DATA ELEMENT F, LDF (RLIN)
a 7
b cbc
c oclcrpl
d u
e ncip
f 19
g y-gencatlg
942 ## - ADDED ENTRY ELEMENTS (KOHA)
Source of classification or shelving scheme Dewey Decimal Classification
Koha item type Books
Koha issues (borrowed), all copies 2
Holdings
Withdrawn status Lost status Source of classification or shelving scheme Damaged status Not for loan Home library Current Library Shelving location Date acquired Total checkouts Full call number Barcode Date last seen Date last checked out Copy number Price effective from Koha item type
    Dewey Decimal Classification     GRACE BIBLE COLLEGE GRACE BIBLE COLLEGE Ministry & Mission 2016-05-11 3 265.5 EME 001067 2025-10-03 2025-09-26 c.1 2016-05-11 Books
© Grace Bible College Library 2025